Introduction to Industrial/Organizational Psychology (Record no. 2454)

MARC details
005 - DATE AND TIME OF LATEST TRANSACTION
control field 20250519144420.0
020 ## - INTERNATIONAL STANDARD BOOK NUMBER
International Standard Book Number 978-0-367-69946-8
082 ## - DEWEY DECIMAL CLASSIFICATION NUMBER
Classification number 658.3
100 ## - MAIN ENTRY--PERSONAL NAME
Author name RIGGIO, R. E.
245 ## - TITLE STATEMENT
Title Introduction to Industrial/Organizational Psychology
250 ## - EDITION STATEMENT
Edition statement 8th Ed.
260 ## - PUBLICATION, DISTRIBUTION, ETC.
Place of publication, distribution, etc. New York,
Name of publisher, distributor, etc. Routledge,
Date of publication, distribution, etc. 2022
300 ## - PHYSICAL DESCRIPTION
Extent xiv,540p.;
Other physical details ill.;
Dimensions 24cm.
700 ## - ADDED ENTRY--PERSONAL NAME
Other authors/Editors JOHNSON, S. K.
942 ## - ADDED ENTRY ELEMENTS (KOHA)
Source of classification or shelving scheme Dewey Decimal Classification
Koha item type Books
Holdings
Date last seen Total checkouts Full call number Barcode Cost, replacement price Price effective from Koha item type Lost status Source of classification or shelving scheme Damaged status Not for loan Withdrawn status Home library Current library Shelving location Date acquired Cost, normal purchase price
05/19/2025   658.3 RIG DOM00047 999999.99 05/19/2025 Books   Dewey Decimal Classification       CBE Dodoma CBE Dodoma Special Reserve Collection 03/12/2025 614460.00
05/19/2025   658.3 RIG DOM00053 999999.99 05/19/2025 Books   Dewey Decimal Classification       CBE Dodoma CBE Dodoma General Collection 03/12/2025 614460.00